000 00396pab a2200145 454500
008 180718b1988 xxu||||| |||| 00| 0 eng d
100 _aSathe, Vasant
245 _aJawaharlal Nehru and planning in India
260 _c1988
300 _a411-6
362 _aDec.
650 _aNehru, Jawaharlal - Criticism and Interpretation
773 _aJournal of Parliamentary Information
909 _a14305
999 _c14305
_d14305